MARC

LEADER 00000nlm0a2200000 4500
001 215117
005 20231101225939.0
035 |a (RuTPU)RU\TPU\book\235014 
090 |a 215117 
100 |a 20120504d2002 m y0rusy50 ca 
101 0 |a eng 
102 |a GB 
105 |a y j 000zy 
135 |a vocna---uucaa 
181 0 |a i  
182 0 |a b 
200 1 |a Educational Software Products. Computer Aided Language Learning  |b Электронный ресурс 
203 |a Текст  |c электронный 
210 |a Bicester  |c ELT Suite  |d 2002 
215 |a 1 Мультимедиа CD-ROM 
230 |a Мультимедиа ресурсы (10 директорий; 100 файлов; 740MB) 
337 |a Pentium 100 MHz, 16 Mb RAM, Windows 95/98/NT/2000, CDROM, SVGA, звуковая карта, Internet Explorer 5.0 и выше 
606 |a Английский язык  |x Учебные руководства и пособия  |x Учебные руководства и пособия для высшей школы  |2 stltpush  |3 (RuTPU)RU\TPU\subj\29071  |9 52483 
606 1 |a Английский язык  |x Содержание и методика преподавания языка в высшей школе  |2 stltpush  |3 (RuTPU)RU\TPU\subj\29068  |9 52480 
610 1 |a лексика 
610 1 |a грамматика 
610 1 |a разговорная речь 
610 1 |a упражнения 
610 1 |a методика 
610 1 |a преподавание 
610 1 |a CD-ROM 
686 |a Ш143.21-923  |v LBC/SL-A  |2 rubbk 
686 |a Ш143.21-91  |v LBC/SL-A  |2 rubbk 
801 1 |a RU  |b 63413507  |c 20120504 
801 2 |a RU  |b 63413507  |c 20121130  |g RCR 
942 |c CF